Statistics for German Cities Bigger than their Capital

Click here to take the quiz!

General Stats

  • This quiz has been taken 92 times
  • The average score is 4 of 5

Answer Stats

BundeslandCityCapital% Correct
North Rhine-Westphalia (Nordrhein-Westfalen)CologneDüsseldorf
95%
Saxony (Sachsen)LeipzigDresden
94%
Hesse (Hessen)Frankfurt am MainWiesbaden
93%
Mecklenburg-VorpommernRostockSchwerin
73%
Saxony-Anhalt (Sachsen-Anhalt)Halle (Saale)Magdeburg
63%

Score Distribution

Percentile by Number Answered

Percent of People with Each Score

Your Score History

You have not taken this quiz